[Event "11th World Teams 2017"]
[Site "Khanty-Mansiysk RUS"]
[Date "2017.06.18"]
[Round "2.5"]
[White "Wei Yi"]
[Black "Sasikiran,K"]
[Result "1/2-1/2"]
[WhiteElo "2728"]
[BlackElo "2669"]

1.e4 e5 2.Nf3 Nc6 3.Bb5 a6 4.Ba4 Nf6 5.O-O Be7 6.d3 b5 7.Bb3 d6 8.a4 b4 9.a5 O-O
10.Nbd2 Rb8 11.h3 Be6 12.Nc4 h6 13.Re1 Qc8 14.Be3 Rd8 15.Qe2 Bf8 16.Nfd2 Re8
17.Ba4 Bd7 18.Qf3 Kh7 19.Nf1 Ne7 20.Bxd7 Qxd7 21.Ng3 Ng6 22.d4 Qc6 23.b3 Nh4
24.Qe2 Nxe4 25.dxe5 Nc3 26.Qf1 d5 27.Nd2 Rxe5 28.Qd3+ Kg8 29.Qd4 Qf6 30.Qg4 Rbe8
31.Ndf1 Nf5 32.Nxf5 Qxf5 33.Qxf5 Rxf5 34.Bd4 Re6 35.Ne3 Rh5 36.g4 Rxh3 37.Kg2 Rh4
38.Bxc3 bxc3 39.Kg3 g5 40.Ng2 Bd6+ 41.f4 Rf6 42.Rf1 d4 43.Rad1 c5 44.b4 cxb4
45.Rxd4 b3 46.cxb3 c2 47.Rc1 Ba3 48.Rxc2 Rh1 49.Rc8+ Kg7 50.Rdd8 Re6 51.Re8 Rb1
52.Rxe6 fxe6 53.Rc6 Rxb3+ 54.Kf2 Rb5 55.fxg5 hxg5 56.Rxa6 Bb4  1/2-1/2

[Event "11th World Teams 2017"]
[Site "Khanty-Mansiysk RUS"]
[Date "2017.06.19"]
[Round "3.2"]
[White "Robson,R"]
[Black "Wei Yi"]
[Result "1/2-1/2"]
[WhiteElo "2656"]
[BlackElo "2728"]

1.e4 e5 2.Nf3 Nf6 3.Nxe5 d6 4.Nf3 Nxe4 5.Nc3 Nxc3 6.dxc3 Be7 7.Be3 Nc6 8.Qd2 Be6
9.O-O-O Qd7 10.Kb1 Bf6 11.h4 O-O-O 12.Bg5 Qe7 13.Qf4 h6 14.Bxf6 Qxf6 15.Qxf6 gxf6
16.Nd4 Ne5 17.f3 Rde8 18.h5 Rhg8 19.b3 Bd7 20.Kc1 a6 21.a4 Kd8 22.Ne2 f5
23.Kd2 Ke7 24.Ke3 Kf6 25.Kf2 a5 26.Nf4 Be6 27.Rd4 Nc6 28.Rd2 Ne7 29.Be2 d5
30.Rhd1 c6 31.c4 Rg5 32.c5 Rgg8 33.Rd4 Ra8 34.Nd3 Rg5 35.Nf4 Nc8 36.Rb1 b6
37.Nd3 bxc5 38.Nxc5 Nb6 39.b4 axb4 40.Rbxb4 Nd7 41.Nxd7+ Bxd7 42.Rb7 Be6
43.f4  1/2-1/2

[Event "11th World Teams 2017"]
[Site "Khanty-Mansiysk RUS"]
[Date "2017.06.20"]
[Round "4.4"]
[White "Ameir,M"]
[Black "Wei Yi"]
[Result "0-1"]
[WhiteElo "2399"]
[BlackElo "2728"]

1.e4 c5 2.Nf3 d6 3.d4 cxd4 4.Nxd4 Nf6 5.Nc3 a6 6.h3 e5 7.Nde2 h5 8.Bg5 Be6
9.Bxf6 Qxf6 10.Nd5 Qd8 11.Qd3 Nd7 12.O-O-O g6 13.Kb1 Bh6 14.g3 Nc5 15.Qa3 b5
16.Nec3 O-O 17.Be2 Rb8 18.b4 a5 19.Ka1 axb4 20.Qxb4 Na6 21.Qb3 Qa5 22.g4 h4
23.g5 Bxg5 24.Rhg1 Nc5 25.Qb4 Bd8 26.Bg4 Bxd5 27.Qxa5 Bxa5 28.Nxd5 Nxe4 29.Bf5 Nc3
30.Nf6+ Kh8 31.Rxd6 Rb6 32.Rxb6 Bxb6 33.Nd7 Ra8  0-1

[Event "11th World Teams 2017"]
[Site "Khanty-Mansiysk RUS"]
[Date "2017.06.21"]
[Round "5.3"]
[White "Can,E"]
[Black "Wei Yi"]
[Result "1/2-1/2"]
[WhiteElo "2589"]
[BlackElo "2728"]

1.d4 Nf6 2.c4 e6 3.Nf3 d5 4.Nc3 Bb4 5.Qb3 c5 6.dxc5 Na6 7.a3 Bxc3+ 8.Qxc3 Nxc5
9.cxd5 Qxd5 10.Be3 Nce4 11.Qe5 Qxe5 12.Nxe5 Nd5 13.Bc1 Bd7 14.f3 Nc5 15.e4 Nb3
16.Rb1 Nb6 17.Be3 Rc8 18.Nxd7 Kxd7 19.Be2 Rhd8 20.O-O Ke7 21.Rfd1 Rxd1+ 22.Bxd1 Nc4
23.Bxb3 Nxe3 24.Kf2 Nc4 25.Rc1 b5 26.a4 Rb8 27.axb5 Nxb2 28.Rc7+ Kf8 29.Bc4  1/2-1/2

[Event "11th World Teams 2017"]
[Site "Khanty-Mansiysk RUS"]
[Date "2017.06.23"]
[Round "6.3"]
[White "Wei Yi"]
[Black "Areshchenko,A"]
[Result "1/2-1/2"]
[WhiteElo "2728"]
[BlackElo "2649"]

1.e4 c5 2.Nf3 d6 3.d4 cxd4 4.Nxd4 Nf6 5.Nc3 a6 6.Be3 e5 7.Nb3 Be6 8.Qd2 Nbd7
9.O-O-O Be7 10.f4 b5 11.Kb1 Qc7 12.h3 Nb6 13.Bxb6 Qxb6 14.Bd3 exf4 15.Qxf4 O-O
16.Nd5 Bxd5 17.exd5 Rae8 18.Rhe1 g6 19.c4 bxc4 20.Qxc4 a5 21.Qc6 Bd8 22.Qxb6 Bxb6
23.Bb5 Rxe1 24.Rxe1 Nxd5 25.Rd1 Nf4 26.Rxd6 Rb8 27.Bc6 Kf8 28.Nd2 Rd8 29.Rxd8+ Bxd8
30.Kc2 Ke7 31.Nc4 Ke6 32.Bb7 f5 33.Kc3 h5 34.Kd4 Bf6+ 35.Kc5 Nd3+ 36.Kb5 a4
37.Bc6 Nxb2 38.Nxb2 Bxb2 39.Kxa4  1/2-1/2

[Event "11th World Teams 2017"]
[Site "Khanty-Mansiysk RUS"]
[Date "2017.06.24"]
[Round "7.4"]
[White "Matlakov,M"]
[Black "Wei Yi"]
[Result "1/2-1/2"]
[WhiteElo "2707"]
[BlackElo "2728"]

1.c4 c5 2.Nf3 Nc6 3.Nc3 g6 4.e3 Nf6 5.d4 cxd4 6.exd4 d5 7.cxd5 Nxd5 8.Qb3 e6
9.Bb5 Bg7 10.O-O O-O 11.Bxc6 bxc6 12.Na4 Qd6 13.Re1 Rb8 14.Qc2 c5 15.Nxc5 Nb4
16.Qc3 Bb7 17.Ne5 Qd5 18.Nxb7 Rxb7 19.b3 Rbb8 20.Bb2 Rfc8 21.Nc4 Rd8 22.Red1 Nc6
23.Ne3 Qd7 24.Nc2 Rb5 25.Qc4 Rd5 26.Rac1 Nxd4 27.Nxd4 Bxd4 28.Rxd4 Rxd4 29.Bxd4 Qxd4
30.g3 Qe5 31.Kg2 Rd4 32.Qc6 Kg7 33.Rc4 Rd1 34.Qf3 Qe1 35.Qc3+ Qxc3 36.Rxc3 Rd2
37.a4 g5 38.Rc7  1/2-1/2

[Event "11th World Teams 2017"]
[Site "Khanty-Mansiysk RUS"]
[Date "2017.06.25"]
[Round "8.2"]
[White "Wei Yi"]
[Black "Elsness,F"]
[Result "1-0"]
[WhiteElo "2728"]
[BlackElo "2466"]

1.e4 e5 2.Nf3 Nc6 3.Bb5 a6 4.Ba4 Nf6 5.O-O Be7 6.Re1 b5 7.Bb3 O-O 8.a4 b4
9.d4 d6 10.dxe5 dxe5 11.Nbd2 Bc5 12.a5 h6 13.h3 Qe7 14.Bd5 Bb7 15.Nb3 Ba7
16.Qd3 Rfd8 17.c4 Nb8 18.Rd1 Nxd5 19.cxd5 c6 20.d6 Qe6 21.Be3 Bxe3 22.Qxe3 Nd7
23.Nc5 Nxc5 24.Qxc5 Rab8 25.Nxe5 Ba8 26.f4 Rb5 27.Qa7 Bb7 28.Rac1 f6 29.Nxc6 Qxe4
30.Re1 Bxc6 31.Rxe4 Bxe4 32.Qe7  1-0

[Event "11th World Teams 2017"]
[Site "Khanty-Mansiysk RUS"]
[Date "2017.06.26"]
[Round "9.5"]
[White "Piorun,K"]
[Black "Wei Yi"]
[Result "1/2-1/2"]
[WhiteElo "2631"]
[BlackElo "2728"]

1.e4 e5 2.Nf3 Nf6 3.Nxe5 d6 4.Nf3 Nxe4 5.d4 d5 6.Bd3 Bd6 7.O-O O-O 8.c4 c6
9.Qc2 Na6 10.a3 Bg4 11.Ne5 Bf5 12.Nc3 Bxe5 13.dxe5 Nac5 14.cxd5 cxd5  1/2-1/2

[Event "8th Danzhou Super GM 2017"]
[Site "Danzhou CHN"]
[Date "2017.07.09"]
[Round "1.5"]
[White "Lu Shanglei"]
[Black "Wei Yi"]
[Result "0-1"]
[WhiteElo "2638"]
[BlackElo "2738"]

1.e4 c5 2.Nf3 Nc6 3.Bb5 g6 4.O-O Bg7 5.Re1 Nf6 6.e5 Nd5 7.Nc3 Nc7 8.Bc4 O-O
9.d3 b6 10.Bf4 Bb7 11.a3 d6 12.exd6 exd6 13.Ba2 Qd7 14.Qd2 Rae8 15.Rxe8 Rxe8
16.Re1 Ne5 17.Nxe5 dxe5 18.Bh6 Kh8 19.Bxg7+ Kxg7 20.b4 Qd4 21.Ne2 Qb2 22.Bc4 b5
23.Bb3 Qxa3 24.Ng3 Qxb4 25.Nf5+ gxf5 26.Qg5+ Kf8 27.Qh6+ Ke7 28.Rxe5+ Kd7  0-1

[Event "8th Danzhou Super GM 2017"]
[Site "Danzhou CHN"]
[Date "2017.07.10"]
[Round "2.1"]
[White "Ivanchuk,V"]
[Black "Wei Yi"]
[Result "1/2-1/2"]
[WhiteElo "2729"]
[BlackElo "2738"]

1.d4 Nf6 2.c4 e6 3.Nf3 d5 4.e3 c5 5.cxd5 exd5 6.Bb5+ Bd7 7.Bxd7+ Nbxd7 8.dxc5 Nxc5
9.O-O g6 10.b4 Nce4 11.Bb2 Bg7 12.Nc3 O-O 13.Qb3 Ng4 14.h3 Bxc3 15.Bxc3 Nxc3
16.Qxc3 Nf6 17.Rfc1 Re8 18.a3 a6 19.Qd4 Re4 20.Qc5 Re8 21.Qc7 Re7 22.Qxd8+ Rxd8
23.Rc2 Kf8 24.Kf1 Ke8 25.Rd1 Rdd7 26.g4 h6 27.Rc8+ Rd8 28.Rc5 Red7 29.Ke2 Ne4
30.Rc2 Re7 31.a4 Re6 32.Nd4 Re7 33.h4 Nd6 34.Rc5 Ne4 35.Rcc1 Nd6 36.h5 gxh5
37.gxh5 Re5 38.Rh1 Nf5 39.Nxf5 Rxf5 40.Rc5 Rf6 41.Rh4 Ke7 42.a5 Rd7 43.Rc8 Rd8
44.Rc7+  1/2-1/2

[Event "8th Danzhou Super GM 2017"]
[Site "Danzhou CHN"]
[Date "2017.07.11"]
[Round "3.5"]
[White "Wei Yi"]
[Black "Ponomariov,R"]
[Result "1-0"]
[WhiteElo "2738"]
[BlackElo "2699"]

1.Nf3 Nf6 2.c4 e6 3.g3 d5 4.Bg2 dxc4 5.O-O Nbd7 6.Qc2 Nb6 7.a4 a5 8.Na3 Bxa3
9.Rxa3 O-O 10.e4 e5 11.Nxe5 Qd4 12.Qc3 Qxc3 13.Rxc3 Be6 14.d4 Nxa4 15.Ra3 b5
16.f4 Nb6 17.g4 Nxg4 18.f5 Nxe5 19.dxe5 Bd7 20.Rg3 Bc6 21.Bh6 g6 22.Rg5 c3
23.bxc3 Nc4 24.fxg6 fxg6 25.Bxf8 Rxf8 26.e6 Be8 27.Rd1 Rf6 28.Rd8 Kf8 29.Rxb5 Ke7
30.Rbb8 Bc6 31.Rdc8 Rxe6 32.Rxc7+ Kd6 33.Rxh7 a4 34.Ra7 Kc5 35.e5 Bxg2 36.Kxg2 a3
37.Rc7+ Rc6 38.Rxc6+ Kxc6 39.Rc8+ Kd5 40.e6  1-0

[Event "8th Danzhou Super GM 2017"]
[Site "Danzhou CHN"]
[Date "2017.07.15"]
[Round "6.3"]
[White "Malakhov,V"]
[Black "Wei Yi"]
[Result "0-1"]
[WhiteElo "2722"]
[BlackElo "2738"]

1.Nf3 d5 2.e3 Nf6 3.c4 e6 4.b3 c5 5.Bb2 Nc6 6.cxd5 exd5 7.Bb5 Bd6 8.O-O O-O
9.d4 cxd4 10.Nxd4 Bc7 11.Be2 Qd6 12.g3 Bb6 13.Ba3 Qe5 14.Bxf8 Kxf8 15.Nd2 Nxd4
16.exd4 Qxd4 17.Nf3 Qxd1 18.Rfxd1 Ne4 19.Rxd5 Nxf2 20.Rh5 h6 21.Kg2 Ng4 22.h3 Ne3+
23.Kh2 Nf5 24.Bd3 g6 25.Bxf5 gxh5 26.Be4 Rb8 27.Nh4 Be6 28.Rc1 Ke7 29.Rc2 Rc8
30.Re2 Rc3 31.Bxb7 Bc7 32.Bf3 Kf6 33.Kg2 Kg5 34.Re1 Bd6 35.Re2 Bb8 36.Re1 Bc7
37.Re2 Bd6 38.Re1 Bc8 39.Re2 Be6 40.Re1 Bb8 41.Re2 Bc7 42.Re1 a5 43.Re2 Bc8
44.Rd2 f5 45.Re2 f4 46.Re8 fxg3 47.Be4 Ba6 48.Nf3+ Kf4 49.Nd4 Be5 50.Nf3 Rc1
51.Nd2 Rd1  0-1

[Event "8th Danzhou Super GM 2017"]
[Site "Danzhou CHN"]
[Date "2017.07.16"]
[Round "7.3"]
[White "Wei Yi"]
[Black "Naiditsch,A"]
[Result "1/2-1/2"]
[WhiteElo "2738"]
[BlackElo "2712"]

1.e4 e5 2.Nf3 Nc6 3.Bb5 Nf6 4.Nc3 Bb4 5.O-O O-O 6.d3 d6 7.Ne2 Ne7 8.c3 Ba5
9.Ng3 c6 10.Ba4 Ng6 11.d4 Re8 12.Bc2 Bb6 13.Be3 d5 14.dxe5 Nxe4 15.Nxe4 dxe4
16.Bxe4 Nxe5 17.Nxe5 Rxe5 18.Bxb6 Qxb6 19.Re1 Bf5 20.Bxf5 Rxf5 21.Qe2 g6
22.Rad1 Rd8 23.Rxd8+ Qxd8 24.Qe8+ Qxe8 25.Rxe8+ Kg7 26.Kf1 Kf6 27.Rb8 Ra5
28.Rxb7 Rxa2 29.Ke2 a5 30.Rb6 Ke5 31.Rxc6 Rxb2+ 32.Ke3 a4 33.Ra6 Ra2 34.Ra5+ Kd6
35.Ra7 Ke6 36.c4 a3 37.Ra6+ Kd7 38.c5 Rc2 39.Rxa3 Rxc5 40.Ra7+ Ke6 41.Ra6+ Ke7
42.Ra7+ Ke6 43.Ra6+  1/2-1/2

[Event "8th Danzhou Super GM 2017"]
[Site "Danzhou CHN"]
[Date "2017.07.18"]
[Round "9.2"]
[White "Wei Yi"]
[Black "Le Quang Liem"]
[Result "1/2-1/2"]
[WhiteElo "2738"]
[BlackElo "2726"]

1.e4 e5 2.Nf3 Nc6 3.Bb5 Nf6 4.O-O Nxe4 5.Re1 Nd6 6.Nxe5 Be7 7.Bf1 Nf5 8.c3 Nxe5
9.Rxe5 d6 10.Re1 O-O 11.d4 d5 12.Bf4 c5 13.Bd3 c4 14.Bc2 Be6 15.Nd2 Nh4 16.Bg3 Nf5
17.Bf4 Nh4 18.Bg3 Nf5  1/2-1/2

[Event "Huocheng Xinjiang Rapid"]
[Site "Huocheng County CHN"]
[Date "2017.08.02"]
[Round "1.3"]
[White "Wei Yi"]
[Black "Li Chao2"]
[Result "1-0"]
[WhiteElo "2753"]
[BlackElo "2744"]

1.e4 c5 2.Nf3 Nc6 3.Nc3 g6 4.d4 cxd4 5.Nxd4 Bg7 6.Be3 Nf6 7.Bc4 O-O 8.Bb3 d5
9.exd5 Na5 10.Qf3 Nxb3 11.axb3 Bg4 12.Qg3 Bh5 13.d6 exd6 14.O-O Re8 15.h3 Ne4
16.Nxe4 Rxe4 17.c3 Be5 18.f4 Bf6 19.Qf2 Qe7 20.Nc2 g5 21.fxg5 Bxg5 22.Rae1 Bxe3
23.Nxe3 Qg5 24.Nf5 Rae8 25.Rxe4 Rxe4 26.Qxa7 h6 27.Nd4 Re3 28.Qb8+ Kh7 29.Qxb7 Bg6
30.b4 h5 31.Rxf7+ Kh6 32.Nf3 Qg3 33.Rf8 Bh7 34.Rf6+ Bg6 35.Rf8 Bh7 36.Qf7 Re2
37.Qf6+ Qg6 38.Qxg6+ Bxg6 39.Rf6 Kg7 40.Rxd6 Rxb2 41.Rd7+ Kf6 42.Rd6+ Kg7
43.Nd2 Bf7 44.Ne4 Re2 45.Rd4 Bg6 46.Nd2 Kf6 47.Kf1 Re3 48.c4 Bd3+ 49.Kf2 Re2+
50.Kf3 Rxd2 51.Ke3 Rc2 52.Kxd3 Rxg2 53.Re4 Kf5 54.b5 Rb2 55.h4  1-0

[Event "Huocheng Xinjiang Rapid"]
[Site "Huocheng County CHN"]
[Date "2017.08.02"]
[Round "2.4"]
[White "Lu Shanglei"]
[Black "Wei Yi"]
[Result "1/2-1/2"]
[WhiteElo "2628"]
[BlackElo "2753"]

1.e4 c5 2.Nf3 d6 3.Bb5+ Nd7 4.O-O a6 5.Bd3 Ngf6 6.Re1 e6 7.c4 b6 8.Nc3 Bb7
9.Bf1 Be7 10.d4 cxd4 11.Nxd4 O-O 12.b3 Nc5 13.f3 Re8 14.Bb2 Rc8 15.Qd2 Rc7
16.Rad1 Bf8 17.Qf2 Qc8 18.Qh4 Ncd7 19.Qf2 Ba8 20.Kh1 g6 21.Ba3 Nc5 22.Bb2 Ncd7
23.Ba3 Nc5 24.Bb2 Ncd7  1/2-1/2

[Event "Huocheng Xinjiang Rapid"]
[Site "Huocheng County CHN"]
[Date "2017.08.02"]
[Round "3.2"]
[White "Wei Yi"]
[Black "Bu Xiangzhi"]
[Result "1/2-1/2"]
[WhiteElo "2753"]
[BlackElo "2710"]

1.e4 e5 2.Nf3 Nc6 3.Nc3 Nf6 4.Bb5 Bc5 5.O-O O-O 6.Nxe5 Nxe5 7.d4 a6 8.dxe5 axb5
9.Bg5 h6 10.Bxf6 gxf6 11.Qg4+ Kh8 12.Qh5 Kh7 13.Qf5+ Kh8 14.Qh5 Kh7 15.Qf5+ Kh8
16.Qh5  1/2-1/2

[Event "Huocheng Xinjiang Rapid"]
[Site "Huocheng County CHN"]
[Date "2017.08.02"]
[Round "4.5"]
[White "Tan Zhongyi"]
[Black "Wei Yi"]
[Result "1/2-1/2"]
[WhiteElo "2506"]
[BlackElo "2753"]

1.d4 Nf6 2.c4 e6 3.Nf3 d5 4.cxd5 exd5 5.Nc3 c6 6.Bg5 Nbd7 7.e3 h6 8.Bh4 g5
9.Bg3 Nh5 10.Bd3 Nxg3 11.hxg3 Bg7 12.Qc2 Nb6 13.Na4 Qe7 14.O-O Nxa4 15.Qxa4 O-O
16.b4 b5 17.Qc2 Bd7 18.Qc3 a5 19.a3 a4 20.Ne5 Bxe5 21.dxe5 f6 22.exf6 Qxf6
23.Qxf6 Rxf6 24.e4 dxe4 25.Bxe4 Re8 26.Rfe1 Kf7 27.f3 Re5 28.Rac1 Rd6 29.Kf2 Kf6
30.Red1 Rxd1 31.Rxd1 Ke7 32.Ke3 c5 33.f4 Re6 34.f5 Rd6 35.Rb1 c4 36.Rh1 Be8
37.g4 Bf7 38.Bc2 Bd5 39.Be4 Bf7 40.Bc2 Kf8 41.Rd1 Rxd1 42.Bxd1 Bd5 43.Bf3 Bxf3
44.Kxf3 Ke7 45.Ke3 Kf7 46.Ke4 Kg7 47.Kd4 Kf6 48.Ke4 Kg7  1/2-1/2

[Event "Huocheng Xinjiang Rapid"]
[Site "Huocheng County CHN"]
[Date "2017.08.02"]
[Round "5.1"]
[White "Wei Yi"]
[Black "Abudureheman,Namaiti"]
[Result "1-0"]
[WhiteElo "2753"]
[BlackElo "2008"]

1.e4 e5 2.Nf3 Nc6 3.Nc3 Nf6 4.Bb5 Bb4 5.O-O O-O 6.d3 d6 7.Bg5 Bxc3 8.bxc3 Qe7
9.Re1 Nd8 10.d4 Ne6 11.Bc1 c5 12.Bf1 Nc7 13.Nh4 Nxe4 14.Rxe4 f5 15.Re1 Qxh4
16.dxc5 dxc5 17.Qd6 Qd8 18.Bc4+ Kh8 19.Qxc5 b6 20.Qb4 Be6 21.Ba3 Bxc4 22.Qxc4 Re8
23.Rad1 Qc8 24.Qf7 Ne6 25.Rxe5 Nf4 26.Bd6 Ne2+ 27.Kf1 Nxc3 28.Rd3 Ne4 29.Rxe8+ Qxe8
30.Qxf5 Qg6 31.Qxg6 hxg6 32.Be5 Rc8 33.Rd7  1-0

[Event "Huocheng Xinjiang TB"]
[Site "Huocheng County CHN"]
[Date "2017.08.03"]
[Round "1"]
[White "Yu Yangyi"]
[Black "Wei Yi"]
[Result "1-0"]
[WhiteElo "2744"]
[BlackElo "2753"]

1.Nf3 d5 2.g3 g6 3.Bg2 Bg7 4.d4 Nf6 5.O-O c6 6.b3 O-O 7.Bb2 b6 8.c4 Bb7 9.Nc3 Nbd7
10.Qc2 e6 11.Rfd1 Rc8 12.Rac1 Re8 13.Qb1 Qc7 14.cxd5 exd5 15.e3 a5 16.Rc2 Ba6
17.Ne2 Ne4 18.Nf4 Qd6 19.Qc1 Rc7 20.Ba3 c5 21.dxc5 Ndxc5 22.Nxd5 Rd7 23.h4 Red8
24.Ng5 Nxg5 25.hxg5 Qe6 26.Bxc5 bxc5 27.Rxc5 Bb7 28.Qc4 Ba6 29.Qf4 Bb7 30.Nf6+ Bxf6
31.Rxd7 Qxd7 32.gxf6 Qd1+ 33.Kh2 Bxg2 34.Kxg2 Qd6 35.Qxd6  1-0

[Event "Huocheng Xinjiang TB"]
[Site "Huocheng County CHN"]
[Date "2017.08.03"]
[Round "2"]
[White "Wei Yi"]
[Black "Yu Yangyi"]
[Result "0-1"]
[WhiteElo "2753"]
[BlackElo "2744"]

1.e4 e5 2.Nf3 Nf6 3.Nxe5 d6 4.Nc4 Nxe4 5.Qe2 Qe7 6.Ne3 c6 7.b3 Nf6 8.Bb2 Na6
9.g3 Nc7 10.Bg2 Be6 11.Nc3 Qd7 12.O-O-O O-O-O 13.h3 d5 14.d4 Bb4 15.Na4 Rhe8
16.Kb1 Qe7 17.Qd3 Qf8 18.c3 Bd6 19.c4 Ba3 20.Bxa3 Qxa3 21.c5 Qb4 22.Nc2 Qb5
23.Qc3 Ne4 24.Qe1 Qa6 25.Bf1 Nb5 26.Rh2 Bf5 27.Qb4 Nec3+ 28.Nxc3 Na3+ 29.Kb2 Nxc2
30.Bxa6 Nxb4 31.Be2 Kc7 32.a3 Na6 33.Bxa6 bxa6 34.g4 Bg6 35.Rg2 Re7 36.h4 h6
37.h5 Bh7 38.g5 hxg5 39.Rxg5 f6 40.Rg3 Bf5 41.Rdg1 Rdd7 42.Kc1 a5 43.Kd2 Kd8
44.Nd1 Ke8 45.Ne3 Bh7 46.Rf3 Re4 47.Kc3 Rh4 48.Ng4 Rxh5 49.Rxf6 Rh3+ 50.f3 gxf6
51.Nxf6+ Ke7 52.Nxd7 Kxd7 53.Rg7+ Kc8 54.Rxa7 Rxf3+  0-1

[Event "Huocheng Xinjiang Rapid"]
[Site "Huocheng County CHN"]
[Date "2017.08.03"]
[Round "6.5"]
[White "Wei Yi"]
[Black "Zhou Jianchao"]
[Result "1/2-1/2"]
[WhiteElo "2753"]
[BlackElo "2597"]

1.Nf3 Nf6 2.c4 c5 3.Nc3 d5 4.cxd5 Nxd5 5.Qa4+ Nc6 6.Ne5 Qc7 7.Nxc6 Nxc3 8.dxc3 Bd7
9.e4 Qxc6 10.Qxc6 Bxc6 11.f3 e6 12.Be3 O-O-O 13.a4 Be7 14.Bc4 g5 15.Ke2 Rhg8
16.h3 h5 17.a5 Kb8 18.Rab1 Rc8 19.Bf2 Rgd8 20.Rhc1 g4 21.hxg4 hxg4 22.Rh1 Bg5
23.Be3 gxf3+ 24.gxf3 Bxe3 25.Kxe3 b5 26.axb6 axb6 27.Rbg1 b5 28.Be2 c4 29.Rg7 Rc7
30.Rhh7 Rdd7 31.f4 Kb7 32.e5 Kb6 33.Rh8 Kc5 34.Rgg8 b4 35.Rc8 bxc3 36.bxc3 Bd5
37.Rhd8 Rxc8 38.Rxc8+ Kb5 39.Rb8+ Kc5 40.Rc8+ Kb5 41.Bf1 Ra7 42.Kd4 Ra1 43.Bxc4+ Bxc4
44.Rc5+ Kb6 45.Rxc4 Rd1+ 46.Ke4 Re1+ 47.Kf3 Rf1+ 48.Kg4 Rg1+ 49.Kf3 Rg6 50.Rc8 f6
51.Ke4 f5+ 52.Kf3 Rh6 53.Kg3 Rg6+ 54.Kf2 Kb5 55.Rf8 Rg7 56.Re8 Rg6 57.Ke3 Kc4
58.Rc8+ Kb5 59.Rb8+ Kc4 60.Rc8+ Kb5 61.Kf3 Rh6 62.Kg3 Rg6+ 63.Kf2 Rg4 64.Kf3 Rh4
65.Re8 Rh6 66.Ke3 Kc4 67.Rc8+ Kb5 68.Kd2 Rh4 69.Rb8+ Kc5 70.Rb4 Rh2+ 71.Kd3 Rh3+
72.Kc2 Re3 73.Rd4 Rf3 74.Kd2 Rh3 75.Ke2 Rxc3 76.Rd6 Rc4 77.Kf3 Rc3+ 78.Kf2 Ra3
79.Ke2 Ra2+ 80.Kf3 Ra3+ 81.Kf2 Rb3 82.Rxe6 Kd5 83.Ra6 Ke4 84.Ra4+ Kd5 85.Ke2 Rc3
86.Kd2 Rf3 87.Ke1 Re3+ 88.Kd2 Rf3 89.Ra5+ Ke6 90.Ra6+ Kd5 91.Ra4 Rb3 92.Ra8 Ke4
93.Ra4+ Kd5 94.Ke2 Rc3 95.Kf2 Rb3 96.Kg2 Rc3 97.Rb4 Ra3 98.Rb8 Ke4 99.Rb4+ Kd5
100.Kf1 Rf3+ 101.Ke1 Re3+ 102.Kd2 Rf3 103.Rb5+ Kc6 104.Rb4 Kd5 105.Kc2 Kc5
106.Ra4 Kb5 107.Rd4 Kc5 108.Rd8 Rxf4 109.e6 Re4 110.Rf8 Rxe6 111.Rxf5+ Kd6
112.Ra5 Re5 113.Rxe5 Kxe5  1/2-1/2

[Event "Huocheng Xinjiang Rapid"]
[Site "Huocheng County CHN"]
[Date "2017.08.03"]
[Round "7.2"]
[White "Wen Yang"]
[Black "Wei Yi"]
[Result "1/2-1/2"]
[WhiteElo "2602"]
[BlackElo "2753"]

1.d4 Nf6 2.Nf3 d5 3.e3 e6 4.b3 b6 5.Bb2 Bb7 6.Bd3 g6 7.O-O Bg7 8.c4 O-O 9.Nc3 Nbd7
10.Qe2 c5 11.cxd5 cxd4 12.Nxd4 Nxd5 13.Nxd5 Bxd5 14.Bc4 Bxc4 15.Qxc4 Rc8
16.Qe2 Nc5 17.Rfd1 Qe7 18.Rac1 Rfd8 19.Ba3 Qb7 20.Bxc5 Rxc5 21.Rxc5 bxc5
22.Nf3 Rxd1+ 23.Qxd1 c4 24.bxc4 Qb2 25.a4 Qc3 26.g3 Qxc4 27.Qd8+ Bf8 28.Ne5 Qxa4
29.Qc7 Qe8 30.Qxa7 Bg7 31.Qc7 Bxe5 32.Qxe5 h5 33.h4 Qc6 34.Qb8+ Kg7 35.Qe5+ Kg8
36.Qb8+ Kg7 37.Qe5+ Kg8  1/2-1/2

[Event "Huocheng Xinjiang Rapid"]
[Site "Huocheng County CHN"]
[Date "2017.08.03"]
[Round "8.4"]
[White "Wei Yi"]
[Black "Yu Yangyi"]
[Result "1/2-1/2"]
[WhiteElo "2753"]
[BlackElo "2744"]

1.e4 e5 2.Nf3 Nf6 3.Nxe5 d6 4.Nc4 Nxe4 5.Qe2 Qe7 6.Ne3 Nf6 7.Nc3 c6 8.d4 g6
9.Bd2 Bg7 10.Nc4 Qxe2+ 11.Bxe2 d5 12.Nd6+ Ke7 13.Bf4 Rd8 14.Nxc8+ Rxc8 15.O-O-O Nbd7
16.g4 Nf8 17.Be3 Ne8 18.h4 Ne6 19.h5 Nd6 20.Bf1 f5 21.gxf5 Nxf5 22.hxg6 hxg6
23.Rg1 Bxd4 24.Bxd4 Nfxd4 25.Rxg6 Rg8 26.Rxg8 Rxg8 27.Ne2 Nxe2+ 28.Bxe2 Rg2
29.Rf1 Nf4 30.Kd2 d4 31.Bf3 Rh2 32.Ke1 Rh3 33.Bg4 Rh8 34.Kd2 Rh2 35.Re1+ Kd6
36.Re4 Rxf2+ 37.Ke1 Kd5 38.Rxd4+ Kxd4 39.Kxf2 Nd5 40.Ke2 b5 41.Bf3 c5 42.Bxd5 Kxd5
43.Kd3 Ke5 44.c4 b4 45.Ke3 a6 46.a4 a5 47.b3 Kf5 48.Kf3 Ke5 49.Ke3 Kf5 50.Kf3 Ke5  1/2-1/2

[Event "Huocheng Xinjiang Rapid"]
[Site "Huocheng County CHN"]
[Date "2017.08.03"]
[Round "9.3"]
[White "Wang Yue"]
[Black "Wei Yi"]
[Result "0-1"]
[WhiteElo "2699"]
[BlackElo "2753"]

1.Nf3 c5 2.e4 d6 3.d4 cxd4 4.Nxd4 Nf6 5.Nc3 a6 6.g3 e5 7.Nf3 Be7 8.Nh4 g6
9.Ng2 Bg4 10.f3 Be6 11.Ne3 Nbd7 12.Bg2 Rc8  0-1

[Event "FIDE World Cup 2017"]
[Site "Tbilisi GEO"]
[Date "2017.09.03"]
[Round "1.1"]
[White "Sambuev,B"]
[Black "Wei Yi"]
[Result "1-0"]
[WhiteElo "2529"]
[BlackElo "2748"]

1.Nf3 Nf6 2.c4 e6 3.Nc3 d5 4.d4 Bb4 5.g3 O-O 6.Bg2 dxc4 7.O-O Nc6 8.a3 Be7
9.e4 Na5 10.Be3 Rb8 11.Qe2 b5 12.Rad1 Bb7 13.Ne5 a6 14.g4 Ne8 15.d5 exd5
16.Nxd5 Nd6 17.g5 Bxd5 18.Rxd5 c6 19.Rdd1 Qc7 20.Qh5 g6 21.Qh6 Nxe4 22.Nd7 Nd6
23.Bh3 Rfd8 24.Rd4  1-0

[Event "FIDE World Cup 2017"]
[Site "Tbilisi GEO"]
[Date "2017.09.04"]
[Round "1.2"]
[White "Wei Yi"]
[Black "Sambuev,B"]
[Result "1-0"]
[WhiteElo "2748"]
[BlackElo "2529"]

1.e4 e6 2.d4 d5 3.Nc3 Bb4 4.e5 c5 5.a3 Bxc3+ 6.bxc3 Ne7 7.a4 Qc7 8.Nf3 b6
9.Bb5+ Bd7 10.Bd3 Nbc6 11.O-O h6 12.Re1 O-O 13.h4 c4 14.Bf1 f6 15.h5 fxe5
16.dxe5 Rf7 17.Ba3 Raf8 18.Bd6 Qd8 19.Be2 Rf5 20.Nh4 Rf4 21.Bg4 R8f7 22.f3 d4
23.Ng6 Nd5 24.Nxf4 Rxf4 25.cxd4 Rxd4 26.Qe2 Qg5 27.Qf2 Rd2 28.Re2 Rd4 29.Ree1 Rd2
30.Re2 Rd4 31.Qe1 g6 32.Re4 gxh5 33.Bh3 Rd2 34.Kh1 Rxc2 35.f4 Qg6 36.f5 exf5
37.Qd1 fxe4 38.Qxd5+ Kg7 39.Rg1 Be8 40.Rf1 h4 41.Bf8+ Kh8 42.Ba3 Kg7 43.Rf6 e3
44.Rxg6+ Bxg6 45.Qd7+ Kh8 46.Bf8  1-0

[Event "FIDE World Cup 2017"]
[Site "Tbilisi GEO"]
[Date "2017.09.05"]
[Round "1.3"]
[White "Wei Yi"]
[Black "Sambuev,B"]
[Result "1-0"]
[WhiteElo "2748"]
[BlackElo "2529"]

1.Nf3 d5 2.c4 e6 3.d4 c6 4.g3 dxc4 5.Bg2 b5 6.Ne5 Bb7 7.O-O a6 8.Nc3 Bb4
9.a4 Ne7 10.Ne4 Nd7 11.Bd2 Bxd2 12.Nd6+ Kf8 13.Nexf7 Qc7 14.Qxd2 Nc8 15.Qf4 Nf6
16.Nxc8 Qxf4 17.gxf4 Rxc8 18.Nxh8 Nd5 19.axb5 cxb5 20.f5 Re8 21.Rfc1 exf5
22.Bxd5 Bxd5 23.Rxa6 Rxe2 24.Rd6 Bf3 25.Ra1 b4 26.d5 c3 27.bxc3 b3 28.Rd7 Re8
29.Rf7+ Kg8 30.Re7 Rd8 31.c4 Be4 32.Rb7 Bc2 33.Nf7 Rf8 34.Ng5 Rc8 35.Raa7 f4
36.Rxg7+ Kh8 37.Rxh7+ Bxh7 38.Rxh7+ Kg8 39.Rb7  1-0

[Event "FIDE World Cup 2017"]
[Site "Tbilisi GEO"]
[Date "2017.09.05"]
[Round "1.4"]
[White "Sambuev,B"]
[Black "Wei Yi"]
[Result "1/2-1/2"]
[WhiteElo "2529"]
[BlackElo "2748"]

1.Nf3 Nf6 2.c4 e6 3.e3 d5 4.b3 c5 5.Bb2 Nc6 6.cxd5 exd5 7.d4 cxd4 8.Nxd4 Bb4+
9.Bc3 Qb6 10.Bb5 O-O 11.Nxc6 Bxc3+ 12.Nxc3 bxc6 13.Be2 c5 14.O-O Be6 15.Na4 Qa5
16.Qe1 Qxe1 17.Rfxe1 Rfc8 18.Rac1 c4 19.f3 cxb3 20.axb3 Rxc1 21.Rxc1 d4 22.exd4 Bxb3
23.Nc5 Bd5 24.Na6 Rd8 25.Rc7 Be6 26.Rxa7 Kf8 27.Nb4 Rxd4 28.Nc6 Rd6 29.Ra8+ Ne8
30.Ne5 Ke7 31.Ra7+ Kf8 32.Ra8 Ke7 33.Bb5 Nc7 34.Ra7 Kf6 35.Rxc7 Kxe5 36.Be8 Kf6
37.Kf2 Rd8 38.Bb5 Rd5 39.Rb7 Rd2+ 40.Kg3 Rb2 41.Bc6 Rxb7 42.Bxb7 g5 43.Kf2 Ke5
44.Ke3 h6 45.g3 f6 46.Be4 Kd6 47.Kd4 Ke7 48.Kc5 Kf8 49.Kd6 Bc4 50.Bd5 Be2
51.Ke6 Kg7 52.Kf5 Bd3+ 53.Be4 Bb5 54.Ke6 Bc4+ 55.Bd5 Bf1 56.Kf5 Bd3+ 57.Ke6 Bf1
58.Be4 Bc4+ 59.Kd6 Bf1 60.Bd5 Bd3 61.Kc5 Bf5 62.g4 Bd3 63.Kd4 Bg6 64.Be4 Bf7
65.Kc5 h5 66.h3 Be8 67.Bd3 Bf7 68.Kd6 hxg4 69.hxg4 Be8 70.Ke7 Bc6 71.Be4 Bb5
72.Kd6 Bc4 73.Bd5 Bf1 74.Kc5 Bg2 75.Kd4 Kf8 76.Be4 Ke7 77.Ke3 Bf1 78.Bd3 Bxd3
79.Kxd3 Ke6 80.Ke4 f5+ 81.gxf5+  1/2-1/2

[Event "FIDE World Cup 2017"]
[Site "Tbilisi GEO"]
[Date "2017.09.06"]
[Round "2.1"]
[White "Wei Yi"]
[Black "Rapport,R"]
[Result "1/2-1/2"]
[WhiteElo "2748"]
[BlackElo "2675"]

1.e4 e5 2.Nf3 Nc6 3.Bb5 Nf6 4.d3 d6 5.O-O a6 6.Bxc6+ bxc6 7.Re1 c5 8.c3 Bg4
9.h3 Bxf3 10.Qxf3 Be7 11.Be3 Qb8 12.b3 a5 13.d4 a4 14.Nd2 axb3 15.axb3 cxd4
16.cxd4 O-O 17.Rxa8 Qxa8 18.dxe5 dxe5 19.Rc1 Qb7 20.Qf5 Re8 21.Qxe5 Bd6 22.Qf5 Nxe4
23.Nxe4 Qxe4 24.Qxe4 Rxe4 25.Bc5  1/2-1/2